Stanovovanie chlórovaných uhĺovodíkov metódou plynovej chromatografie

Bibliographic Details
Main Authors: Hässler, Jozef, 1938-2008 (Author), Rippa, Fedor (Author)
Format: Book
Language:Slovak
PhysicalDescription:51 s., 1,54 AH Tb. Fot. 20 cm
Published: Bratislava S.l. Veda Výsk. ústav vodného hosp. v Bratislave [vyd.] 1977
Edition:1. vyd.
Series:Veda a výskum praxi

MARC

LEADER 00000nam a2200000 a 4500
001 vtls001106113
003 SK-MaSNL
005 20260429103207.0
008 250414s1977 xo 0 slo
015 |a SNBA1977 
035 |a SNK000048955 
040 |a SNK  |b slo  |c SNK  |e AACR2 
041 0 |a slo 
044 |a xo  |c SK 
080 |a 628.54:547.53  |2 1981 
080 |a 547.53  |2 1981 
080 |a 628.54  |2 1981 
100 1 |a Hässler, Jozef,  |d 1938-2008  |4 aut  |9 1474021 
245 1 0 |a Stanovovanie chlórovaných uhĺovodíkov metódou plynovej chromatografie  |c Jozef HASSLER, Fedor RIPPA ; Jozef Hässler, Fedor Rippa 
250 |a 1. vyd. 
260 |a Bratislava  |b Veda  |a S.l.  |b Výsk. ústav vodného hosp. v Bratislave [vyd.]  |c 1977  |e Bratislava  |f Výsk. ústav vodného hosp. 
300 |a 51 s., 1,54 AH  |b Tb. Fot.  |c 20 cm 
366 |e 300 výtl. 
490 0 |a Veda a výskum praxi 
500 |a Č. 50. Lit. 18. Res. rus. a angl. Účelová publikácia. Rozmn. 
700 1 |a Rippa, Fedor  |4 aut  |9 279600 
700 1 |a Hässler, Jozef,  |d 1938-2008  |4 aut  |9 1474021 
852 |a Slovenská národná knižnica 
954 |a vody odpadové priemyselné  |a uhĺovodíky chlórované  |a chromatografia plynová 
958 |a OND 
958 |a RM 
999 |c 534764  |d 536694 
952 |a SNK  |b SNK  |y VYP  |7 0  |p 17A0823598  |o snkSC 41732 D1  |i snkKSP 4579/77  |0 0  |1 0  |4 0  |d 2014-06-20  |l 0  |r 2026-02-23 12:21:47  |w 2026-02-23